|
|
|
|
| LEADER |
01519nam a2200421 a 4500 |
| 001 |
EBC3019493 |
| 003 |
MiAaPQ |
| 005 |
20200520144314.0 |
| 006 |
m o d | |
| 007 |
cr cn||||||||| |
| 008 |
100308s2009 nyua sb 001 0 eng d |
| 010 |
|
|
|z 2010291833
|
| 020 |
|
|
|z 9781606929391 (pbk.)
|
| 020 |
|
|
|z 1606929399 (pbk.)
|
| 020 |
|
|
|a 9781613241967 (electronic bk.)
|
| 035 |
|
|
|a (MiAaPQ)EBC3019493
|
| 035 |
|
|
|a (Au-PeEL)EBL3019493
|
| 035 |
|
|
|a (CaPaEBR)ebr10671058
|
| 035 |
|
|
|a (OCoLC)709889139
|
| 040 |
|
|
|a MiAaPQ
|c MiAaPQ
|d MiAaPQ
|
| 043 |
|
|
|a n-us---
|
| 050 |
|
4 |
|a HG566
|b .U13 2009
|
| 245 |
0 |
0 |
|a U.S. coins
|h [electronic resource] :
|b the price of a penny /
|c Walter M. Carvalho, editor.
|
| 246 |
3 |
|
|a United States coins
|
| 246 |
3 |
|
|a US coins
|
| 260 |
|
|
|a New York :
|b Nova Science Publishers,
|c c2009.
|
| 300 |
|
|
|a xiv, 54 p. :
|b ill.
|
| 490 |
1 |
|
|a Financial institutions and services
|
| 504 |
|
|
|a Includes bibliographical references (p. [47]-49) and index.
|
| 533 |
|
|
|a Electronic reproduction. Ann Arbor, MI : ProQuest, 2015. Available via World Wide Web. Access may be limited to ProQuest affiliated libraries.
|
| 650 |
|
0 |
|a Coinage
|z United States.
|
| 650 |
|
0 |
|a Coins
|z United States.
|
| 650 |
|
0 |
|a Money
|z United States.
|
| 655 |
|
4 |
|a Electronic books.
|
| 700 |
1 |
|
|a Carvalho, Walter M.
|
| 710 |
2 |
|
|a ProQuest (Firm)
|
| 830 |
|
0 |
|a Financial institutions and services.
|
| 856 |
4 |
0 |
|u https://ebookcentral.proquest.com/lib/matrademy/detail.action?docID=3019493
|z Click to View
|